[Event "c14"]
[Site "?"]
[Date "2020.08.27"]
[Round "12.10"]
[White "Janeczko, Jakub"]
[Black "Cichon, Bartlomiej"]
[Result "1-0"]
[BlackElo "1388"]
[WhiteElo "1656"]
[LiveChessVersion "1.4.8"]

1. e4 {[%clk 0:03:03]} c5 {[%clk 0:03:03]} 2. Nf3 {[%clk 0:03:03]} d6
{[%clk 0:03:04]} 3. d4 {[%clk 0:03:04]} cxd4 {[%clk 0:03:04]} 4. Nxd4
{[%clk 0:03:05]} Nf6 {[%clk 0:03:04]} 5. Nc3 {[%clk 0:03:05]} a6 {[%clk 0:03:05]}
6. Bg5 {[%clk 0:03:05]} e6 {[%clk 0:03:06]} 7. f4 {[%clk 0:03:06]} Be7
{[%clk 0:03:06]} 8. Qf3 {[%clk 0:03:07]} h6 {[%clk 0:03:07]} 9. Bxf6
{[%clk 0:03:06]} Bxf6 {[%clk 0:03:06]} 10. O-O-O {[%clk 0:03:05]} Qb6
{[%clk 0:02:49]} 11. Nde2 {[%clk 0:02:50]} Nc6 {[%clk 0:02:28]} 12. g4
{[%clk 0:02:47]} a5 {[%clk 0:02:20]} 13. h4 {[%clk 0:02:44]} Nd4 {[%clk 0:02:05]}
14. Nxd4 {[%clk 0:02:42]} Bxd4 {[%clk 0:02:04]} 15. Qd3 {[%clk 0:02:16]} Bxc3
{[%clk 0:01:35]} 16. Qxc3 {[%clk 0:02:16]} Bd7 {[%clk 0:01:32]} 17. Qxg7
{[%clk 0:02:13]} O-O-O {[%clk 0:00:56]} 18. Qd4 {[%clk 0:02:13]} Qxd4
{[%clk 0:00:38]} 19. Rxd4 {[%clk 0:02:13]} Bc6 {[%clk 0:00:38]} 20. Bh3
{[%clk 0:01:20]} d5 {[%clk 0:00:32]} 21. e5 {[%clk 0:01:19]} Kb8 {[%clk 0:00:14]}
22. Kd2 {[%clk 0:01:11]} b5 {[%clk 0:00:10]} 23. f5 {[%clk 0:00:48]} b4
{[%clk 0:00:04]} 24. Rf1 {[%clk 0:00:37]} Rh7 {[%clk 0:00:04]} 25. Rdf4
{[%clk 0:00:36]} Rd7 {[%clk 0:00:05]} 26. fxe6 {[%clk 0:00:34]} fxe6
{[%clk 0:00:06]} 27. Rf6 {[%clk 0:00:35]} Rde7 {[%clk 0:00:06]} 28. Rg6
{[%clk 0:00:30]} Kc7 {[%clk 0:00:04]} 29. Rff6 {[%clk 0:00:30]} h5
{[%clk 0:00:04]} 30. g5 {[%clk 0:00:28]} Bd7 {[%clk 0:00:05]} 31. Bxe6
{[%clk 0:00:27]} Bxe6 {[%clk 0:00:06]} 32. Rxe6 {[%clk 0:00:28]} Rxe6
{[%clk 0:00:06]} 33. Rxe6 {[%clk 0:00:29]} 1-0

[Event "c14"]
[Site "?"]
[Date "2020.08.27"]
[Round "12.11"]
[White "Krupinski, Mikolaj"]
[Black "Czernecki, Andrzej"]
[Result "1/2-1/2"]
[BlackElo "1587"]
[WhiteElo "1437"]
[LiveChessVersion "1.4.8"]

1. e4 c5 2. Nf3 Nc6 3. d4 cxd4 4. Nxd4 Nf6 5. Nc3 d6 6. Bg5 e6 7. f4 a6 8. Qd2
Bd7 9. O-O-O h6 10. Bh4 Nxe4 11. Nxe4 Qxh4 12. Nxc6 Bxc6 13. Nxd6+ Bxd6 14. Qxd6
Rd8 15. Qxd8+ Qxd8 16. Rxd8+ Kxd8 17. Bd3 Ke7 18. Rg1 Rd8 19. Kd2 Bb5 20. Ke3
Bxd3 21. cxd3 Rc8 22. Kd2 Kd6 23. Re1 Rc5 24. g3 b5 25. d4 Rc4 26. Kd3 f6 27. b3
Rc8 28. g4 b4 29. f5 e5 30. dxe5+ fxe5 31. Ke4 Rc2 32. Rd1+ Ke7 33. h4 Rxa2 34.
Kxe5 Ra3 35. Rb1 Ra2 36. g5 hxg5 37. hxg5 Re2+ 38. Kf4 Rf2+ 39. Kg4 Rg2+ 40. Kf4
Rf2+ 41. Ke4 Rg2 1/2-1/2

[Event "c14"]
[Site "?"]
[Date "2020.08.27"]
[Round "13.1"]
[White "Chyzy, Jakub"]
[Black "Demski, Michal"]
[Result "1-0"]
[BlackElo "1773"]
[WhiteElo "2005"]
[LiveChessVersion "1.4.8"]

1. e4 {[%clk 0:03:04]} e5 {[%clk 0:03:01]} 2. Nf3 {[%clk 0:03:04]} Nc6
{[%clk 0:03:02]} 3. Bb5 {[%clk 0:02:54]} a6 {[%clk 0:03:03]} 4. Ba4
{[%clk 0:02:55]} Nf6 {[%clk 0:03:03]} 5. O-O {[%clk 0:02:55]} Nxe4
{[%clk 0:03:05]} 6. d4 {[%clk 0:02:52]} b5 {[%clk 0:03:06]} 7. Bb3
{[%clk 0:02:51]} d5 {[%clk 0:03:07]} 8. dxe5 Be6 9. Nbd2 {[%clk 0:02:22]} Be7
{[%clk 0:02:58]} 10. Re1 {[%clk 0:02:08]} Nc5 {[%clk 0:02:58]} 11. Nf1
{[%clk 0:02:04]} O-O {[%clk 0:02:54]} 12. Ng3 {[%clk 0:01:57]} Nxb3
{[%clk 0:02:14]} 13. axb3 {[%clk 0:01:58]} Bg4 {[%clk 0:01:43]} 14. h3
{[%clk 0:01:56]} Bxf3 {[%clk 0:01:43]} 15. Qxf3 {[%clk 0:01:57]} Nd4
{[%clk 0:01:44]} 16. Qd3 {[%clk 0:01:53]} c5 {[%clk 0:01:42]} 17. f4
{[%clk 0:01:40]} Bh4 {[%clk 0:01:25]} 18. Kh2 {[%clk 0:01:25]} Qd7
{[%clk 0:00:40]} 19. Be3 {[%clk 0:01:16]} Bxg3+ {[%clk 0:00:38]} 20. Kxg3
{[%clk 0:01:17]} Nf5+ {[%clk 0:00:32]} 21. Kh2 {[%clk 0:01:18]} d4
{[%clk 0:00:28]} 22. Bf2 {[%clk 0:01:18]} Ne7 {[%clk 0:00:24]} 23. c3
{[%clk 0:01:14]} Rfd8 {[%clk 0:00:18]} 24. cxd4 {[%clk 0:01:04]} cxd4
{[%clk 0:00:18]} 25. Rad1 {[%clk 0:01:03]} Nc6 {[%clk 0:00:15]} 26. f5
{[%clk 0:00:56]} Re8 {[%clk 0:00:07]} 27. Bg3 {[%clk 0:00:42]} Rad8
{[%clk 0:00:06]} 28. f6 {[%clk 0:00:43]} g6 {[%clk 0:00:06]} 29. Qd2
{[%clk 0:00:44]} Nb4 {[%clk 0:00:00]} 1-0

[Event "c14"]
[Site "?"]
[Date "2020.08.27"]
[Round "13.2"]
[White "Karolczuk, Iwo"]
[Black "Fiszer, Bartosz"]
[Result "0-1"]
[BlackElo "1905"]
[WhiteElo "2044"]
[LiveChessVersion "1.4.8"]

1. d4 {[%clk 0:03:03]} Nf6 {[%clk 0:03:01]} 2. Nf3 {[%clk 0:03:04]} g6
{[%clk 0:03:01]} 3. c3 {[%clk 0:03:04]} Bg7 {[%clk 0:03:02]} 4. Bf4
{[%clk 0:03:04]} O-O {[%clk 0:03:02]} 5. e3 {[%clk 0:03:03]} d5 {[%clk 0:03:01]}
6. Be2 {[%clk 0:03:00]} c5 {[%clk 0:03:02]} 7. Nbd2 {[%clk 0:03:00]} Nc6
{[%clk 0:03:03]} 8. dxc5 {[%clk 0:03:00]} Nd7 {[%clk 0:03:04]} 9. Nb3
{[%clk 0:02:55]} e5 {[%clk 0:02:45]} 10. Bg3 {[%clk 0:02:52]} e4 {[%clk 0:02:33]}
11. Nfd4 {[%clk 0:02:43]} Nde5 {[%clk 0:02:27]} 12. O-O {[%clk 0:02:36]} Qe7
{[%clk 0:02:10]} 13. Rc1 {[%clk 0:02:17]} h5 {[%clk 0:01:28]} 14. h3
{[%clk 0:02:16]} Qg5 {[%clk 0:01:17]} 15. c4 {[%clk 0:01:44]} dxc4
{[%clk 0:00:51]} 16. Bxc4 {[%clk 0:01:44]} Nxc4 {[%clk 0:00:48]} 17. Rxc4
{[%clk 0:01:44]} h4 {[%clk 0:00:46]} 18. Bf4 {[%clk 0:01:44]} Qd5
{[%clk 0:00:45]} 19. Qc1 {[%clk 0:01:07]} Ne5 {[%clk 0:00:21]} 20. Bxe5
{[%clk 0:01:02]} Qxe5 {[%clk 0:00:22]} 21. Qc2 {[%clk 0:00:59]} Qg5
{[%clk 0:00:12]} 22. Kh1 {[%clk 0:00:50]} b6 {[%clk 0:00:10]} 23. Qxe4
{[%clk 0:00:47]} Ba6 {[%clk 0:00:10]} 24. Rfc1 {[%clk 0:00:28]} Bxc4
{[%clk 0:00:10]} 25. Rxc4 {[%clk 0:00:29]} Rfe8 {[%clk 0:00:08]} 26. Qf3
{[%clk 0:00:29]} bxc5 {[%clk 0:00:08]} 27. Rxc5 {[%clk 0:00:29]} Qf6
{[%clk 0:00:08]} 28. Qe2 {[%clk 0:00:14]} Rec8 {[%clk 0:00:07]} 29. Kg1
{[%clk 0:00:15]} Rxc5 {[%clk 0:00:07]} 30. Nxc5 {[%clk 0:00:16]} Rc8
{[%clk 0:00:07]} 31. b4 {[%clk 0:00:17]} Qd6 {[%clk 0:00:08]} 32. Ndb3
{[%clk 0:00:16]} Rd8 {[%clk 0:00:07]} 33. Qe1 {[%clk 0:00:04]} Qd1
{[%clk 0:00:08]} 34. Qxd1 {[%clk 0:00:05]} Rxd1+ {[%clk 0:00:09]} 35. Kh2
{[%clk 0:00:06]} Rf1 {[%clk 0:00:08]} 36. f4 {[%clk 0:00:07]} Rxf4
{[%clk 0:00:09]} 37. a4 {[%clk 0:00:06]} Rf1 {[%clk 0:00:10]} 38. a5
{[%clk 0:00:07]} Be5+ {[%clk 0:00:11]} 39. g3 {[%clk 0:00:06]} hxg3+
{[%clk 0:00:11]} 40. Kg2 {[%clk 0:00:07]} Rf2+ {[%clk 0:00:12]} 41. Kg1
{[%clk 0:00:09]} Rc2 {[%clk 0:00:07]} 42. Nd3 {[%clk 0:00:10]} Rc3
{[%clk 0:00:07]} 43. Nxe5 {[%clk 0:00:05]} Rxb3 {[%clk 0:00:08]} 44. Nc4
{[%clk 0:00:04]} Rc3 {[%clk 0:00:10]} 0-1

[Event "c14"]
[Site "?"]
[Date "2020.08.27"]
[Round "13.3"]
[White "Klimkowski, Jan"]
[Black "Paprocki, Antoni"]
[Result "1-0"]
[BlackElo "1878"]
[WhiteElo "1902"]
[LiveChessVersion "1.4.8"]

1. d4 {[%clk 0:03:03]} Nf6 {[%clk 0:03:00]} 2. c4 {[%clk 0:03:05]} e6
{[%clk 0:03:00]} 3. g3 {[%clk 0:03:06]} c5 {[%clk 0:02:45]} 4. d5
{[%clk 0:03:07]} exd5 {[%clk 0:02:46]} 5. cxd5 {[%clk 0:03:09]} d6
{[%clk 0:02:46]} 6. Nc3 {[%clk 0:03:09]} g6 {[%clk 0:02:48]} 7. Bg2 Bg7 8. e4
{[%clk 0:03:04]} O-O {[%clk 0:02:50]} 9. Nge2 a6 10. a4 {[%clk 0:03:06]} Nbd7
{[%clk 0:02:52]} 11. O-O {[%clk 0:03:05]} Rb8 {[%clk 0:02:52]} 12. a5
{[%clk 0:02:59]} b5 {[%clk 0:02:52]} 13. axb6 Qxb6 {[%clk 0:02:52]} 14. Qc2
{[%clk 0:02:41]} Re8 {[%clk 0:02:50]} 15. Kh1 {[%clk 0:02:32]} Nf8
{[%clk 0:02:13]} 16. Nf4 {[%clk 0:02:16]} Bd7 {[%clk 0:02:09]} 17. Ra2
{[%clk 0:02:09]} Bb5 {[%clk 0:02:09]} 18. Nxb5 {[%clk 0:01:57]} axb5
{[%clk 0:02:08]} 19. Bd2 {[%clk 0:01:54]} b4 {[%clk 0:02:07]} 20. Ra4
{[%clk 0:01:49]} Ra8 {[%clk 0:01:54]} 21. Rfa1 {[%clk 0:01:49]} Rxa4
{[%clk 0:01:53]} 22. Rxa4 {[%clk 0:01:49]} Qb5 {[%clk 0:01:50]} 23. Ra1
{[%clk 0:01:35]} N8d7 {[%clk 0:01:42]} 24. Bf1 {[%clk 0:01:29]} Qb7
{[%clk 0:01:27]} 25. f3 {[%clk 0:01:27]} Ne5 {[%clk 0:00:58]} 26. Kg2
{[%clk 0:01:28]} Ra8 {[%clk 0:00:59]} 27. Rxa8+ {[%clk 0:01:22]} Qxa8
{[%clk 0:00:59]} 28. Nd3 {[%clk 0:01:22]} Nfd7 {[%clk 0:00:51]} 29. Nxe5
{[%clk 0:01:14]} Nxe5 {[%clk 0:00:52]} 30. f4 {[%clk 0:01:15]} Nd7
{[%clk 0:00:54]} 31. b3 {[%clk 0:01:13]} f5 {[%clk 0:00:47]} 32. Bc4
{[%clk 0:00:42]} Nf6 {[%clk 0:00:44]} 33. exf5 {[%clk 0:00:39]} Kf7
{[%clk 0:00:23]} 34. fxg6+ {[%clk 0:00:39]} hxg6 {[%clk 0:00:24]} 35. f5
{[%clk 0:00:31]} g5 {[%clk 0:00:10]} 36. Bxg5 {[%clk 0:00:29]} Qa1
{[%clk 0:00:04]} 37. Qe2 {[%clk 0:00:22]} Qd4 38. Qe6+ Kf8 39. Qxd6+ Kg8 40. Qe6+
{[%clk 0:00:16]} Kh7 {[%clk 0:00:08]} 41. Bxf6 {[%clk 0:00:16]} Bxf6
{[%clk 0:00:08]} 42. d6 {[%clk 0:00:17]} Qd2+ {[%clk 0:00:06]} 43. Qe2
{[%clk 0:00:17]} Qxd6 {[%clk 0:00:06]} 44. Qh5+ {[%clk 0:00:17]} Kg7
{[%clk 0:00:04]} 45. Qg6+ {[%clk 0:00:18]} 1-0

[Event "c14"]
[Site "?"]
[Date "2020.08.27"]
[Round "13.4"]
[White "Jedraszek, Pawel"]
[Black "Janeczko, Jakub"]
[Result "0-1"]
[BlackElo "1656"]
[WhiteElo "1490"]
[LiveChessVersion "1.4.8"]

1. e4 {[%clk 0:03:03]} c5 {[%clk 0:03:03]} 2. Nf3 {[%clk 0:03:05]} Nc6
{[%clk 0:03:05]} 3. d4 {[%clk 0:03:06]} cxd4 {[%clk 0:03:06]} 4. Nxd4
{[%clk 0:03:08]} Nf6 {[%clk 0:03:06]} 5. Nc3 {[%clk 0:03:09]} e6 {[%clk 0:03:07]}
6. Ndb5 {[%clk 0:03:10]} Bc5 {[%clk 0:03:07]} 7. Nd6+ {[%clk 0:03:03]} Ke7
{[%clk 0:03:08]} 8. Nc4 {[%clk 0:02:58]} d5 {[%clk 0:02:57]} 9. exd5
{[%clk 0:02:54]} exd5 {[%clk 0:02:55]} 10. Nd2 {[%clk 0:02:16]} Ng4
{[%clk 0:02:28]} 11. Qe2+ {[%clk 0:02:06]} Kf8 {[%clk 0:01:56]} 12. Nde4
{[%clk 0:02:05]} dxe4 {[%clk 0:01:50]} 13. Nxe4 {[%clk 0:02:06]} Be7
{[%clk 0:01:34]} 14. Bf4 {[%clk 0:02:03]} f5 {[%clk 0:01:15]} 15. Nd2
{[%clk 0:01:48]} Kf7 {[%clk 0:01:11]} 16. O-O-O {[%clk 0:01:47]} Qb6
{[%clk 0:01:00]} 17. Bg3 {[%clk 0:01:20]} Be6 {[%clk 0:00:55]} 18. Nc4
{[%clk 0:01:12]} Qa6 {[%clk 0:00:47]} 19. Qf3 {[%clk 0:00:38]} Bxc4
{[%clk 0:00:34]} 20. Qxf5+ {[%clk 0:00:39]} Nf6 {[%clk 0:00:35]} 21. Bd6
{[%clk 0:00:27]} Bxf1 {[%clk 0:00:30]} 22. Rhxf1 {[%clk 0:00:28]} Qxa2
{[%clk 0:00:26]} 23. Bxe7 {[%clk 0:00:24]} Nxe7 {[%clk 0:00:27]} 24. Qb5
{[%clk 0:00:23]} Rad8 {[%clk 0:00:26]} 25. f4 {[%clk 0:00:21]} Qa1#
{[%clk 0:00:27]} 0-1

[Event "c14"]
[Site "?"]
[Date "2020.08.27"]
[Round "13.5"]
[White "Meers, Hubert"]
[Black "Starosciak, Szymon"]
[Result "1-0"]
[BlackElo "1525"]
[WhiteElo "1759"]
[LiveChessVersion "1.4.8"]

1. e4 c5 2. Nf3 d6 3. Bb5+ Nd7 4. Ba4 Ngf6 5. O-O e6 6. Re1 Be7 7. c3 O-O 8. d4
cxd4 9. cxd4 a6 10. Bc2 e5 11. Nc3 b5 12. a4 b4 13. Ne2 Bb7 14. Ng3 g6 15. Bb3
exd4 16. Bh6 Re8 17. Qxd4 d5 18. e5 Bc5 19. Qf4 Qb6 20. Rf1 Qc7 21. exf6 Bd6 22.
Qh4 Ne5 23. Ng5 Rac8 24. Bg7 h5 25. Nxh5 gxh5 26. Qxh5 1-0

[Event "c14"]
[Site "?"]
[Date "2020.08.27"]
[Round "13.6"]
[White "Matela, Krzysztof"]
[Black "Myrmus, Mateusz"]
[Result "1/2-1/2"]
[BlackElo "1434"]
[WhiteElo "1692"]
[LiveChessVersion "1.4.8"]

1. e4 {[%clk 0:03:04]} e6 {[%clk 0:03:04]} 2. b3 {[%clk 0:03:05]} d5
{[%clk 0:03:03]} 3. exd5 {[%clk 0:03:05]} exd5 {[%clk 0:03:04]} 4. Bb2
{[%clk 0:03:05]} Nf6 {[%clk 0:03:05]} 5. Nf3 {[%clk 0:03:06]} Bd6
{[%clk 0:03:03]} 6. Be2 {[%clk 0:03:07]} O-O {[%clk 0:03:02]} 7. O-O
{[%clk 0:03:08]} c6 {[%clk 0:03:02]} 8. Re1 {[%clk 0:03:06]} Re8 {[%clk 0:03:03]}
9. Bf1 {[%clk 0:03:02]} Rxe1 {[%clk 0:02:59]} 10. Qxe1 {[%clk 0:03:03]} Bf5
{[%clk 0:02:53]} 11. Nd4 {[%clk 0:03:00]} Bg6 {[%clk 0:02:51]} 12. Be2
{[%clk 0:02:55]} Nbd7 {[%clk 0:02:52]} 13. d3 {[%clk 0:02:54]} Qc7
{[%clk 0:02:51]} 14. Nf3 {[%clk 0:02:52]} Re8 {[%clk 0:02:51]} 15. Qd1
{[%clk 0:02:45]} Ne5 {[%clk 0:02:48]} 16. Nbd2 {[%clk 0:02:37]} Nxf3+
{[%clk 0:02:09]} 17. Nxf3 {[%clk 0:02:38]} Nd7 {[%clk 0:02:07]} 18. d4
{[%clk 0:02:08]} Nf6 {[%clk 0:01:56]} 19. Ne5 {[%clk 0:02:04]} Nd7
{[%clk 0:01:39]} 20. Nxd7 {[%clk 0:01:49]} Qxd7 {[%clk 0:01:39]} 21. Bd3
{[%clk 0:01:44]} Re7 {[%clk 0:01:18]} 22. Bxg6 {[%clk 0:01:32]} hxg6
{[%clk 0:01:19]} 23. Qd3 {[%clk 0:01:31]} Qe8 {[%clk 0:00:53]} 24. Bc3
{[%clk 0:01:31]} Re6 {[%clk 0:00:50]} 25. g3 {[%clk 0:01:27]} Qe7
{[%clk 0:00:51]} 26. Kg2 {[%clk 0:01:18]} Bb4 {[%clk 0:00:52]} 27. Rd1
{[%clk 0:01:13]} Bxc3 {[%clk 0:00:51]} 28. Qxc3 {[%clk 0:01:14]} Re2
{[%clk 0:00:47]} 29. Rd3 {[%clk 0:00:26]} Qe4+ {[%clk 0:00:40]} 30. Kf1
{[%clk 0:00:23]} Qe7 {[%clk 0:00:30]} 31. Re3 {[%clk 0:00:20]} Rxe3
{[%clk 0:00:30]} 32. Qxe3 {[%clk 0:00:20]} Qxe3 {[%clk 0:00:26]} 33. fxe3
{[%clk 0:00:21]} Kf8 {[%clk 0:00:28]} 34. c4 {[%clk 0:00:22]} Ke7
{[%clk 0:00:25]} 35. Kf2 {[%clk 0:00:24]} Kf6 {[%clk 0:00:22]} 36. Kf3
{[%clk 0:00:25]} Kf5 37. g4+ Kg5 {[%clk 0:00:21]} 38. Kg3 {[%clk 0:00:25]} Kf6
{[%clk 0:00:17]} 39. h4 {[%clk 0:00:25]} Ke6 {[%clk 0:00:12]} 40. Kf4
{[%clk 0:00:25]} f6 {[%clk 0:00:13]} 41. a3 {[%clk 0:00:24]} a6 {[%clk 0:00:12]}
1/2-1/2

[Event "c14"]
[Site "?"]
[Date "2020.08.27"]
[Round "13.7"]
[White "Malinowski, Szymon"]
[Black "Wieczorek, Mikolaj"]
[Result "1-0"]
[BlackElo "1452"]
[WhiteElo "1663"]
[LiveChessVersion "1.4.8"]

1. d4 Nf6 2. Nf3 g6 3. Bg5 Bg7 4. Nbd2 d5 5. e3 Nbd7 6. Bd3 O-O 7. O-O b6 8. e4
dxe4 9. Nxe4 Bb7 10. Re1 Rc8 11. c3 c5 12. dxc5 Nxc5 13. Nxc5 Rxc5 14. Bh4 Rc8
15. Be2 Qxd1 16. Raxd1 Rfd8 17. Nd4 h6 18. Bf3 Bxf3 19. Nxf3 e6 20. Bg3 Nd5 21.
Ne5 b5 22. Rd4 h5 23. Red1 h4 24. Rxh4 b4 25. cxb4 Rc2 26. h3 Rxb2 27. a3 Rc8 28.
Rd3 Rc1+ 29. Kh2 Rbb1 30. Bf4 Nxf4 31. Rd8+ Bf8 32. Rxf4 Kg7 33. Rxf7+ Kh6 34.
Rdxf8 Rh1+ 35. Kg3 Rb3+ 36. f3 Rxa3 37. Rh8+ Kg5 38. h4+ 1-0

[Event "c14"]
[Site "?"]
[Date "2020.08.27"]
[Round "13.8"]
[White "Bogusz, Alan"]
[Black "Herwy, Jakub"]
[Result "0-1"]
[BlackElo "1741"]
[WhiteElo "1429"]
[LiveChessVersion "1.4.8"]

1. e4 {[%clk 0:03:03]} c5 {[%clk 0:03:04]} 2. Nf3 {[%clk 0:03:04]} e6
{[%clk 0:03:05]} 3. d4 {[%clk 0:03:05]} cxd4 {[%clk 0:03:06]} 4. Nxd4 a6 5. Nc3
{[%clk 0:03:03]} Qc7 {[%clk 0:03:09]} 6. Bd3 {[%clk 0:03:00]} Nf6
{[%clk 0:03:07]} 7. O-O {[%clk 0:02:50]} Bc5 {[%clk 0:03:06]} 8. Nb3
{[%clk 0:02:44]} Be7 {[%clk 0:03:07]} 9. Be3 {[%clk 0:02:36]} d6 {[%clk 0:03:08]}
10. Qe2 {[%clk 0:02:28]} Nbd7 {[%clk 0:03:08]} 11. a4 {[%clk 0:02:25]} b6
{[%clk 0:03:08]} 12. f4 {[%clk 0:02:21]} Bb7 {[%clk 0:03:09]} 13. h3
{[%clk 0:02:13]} h5 {[%clk 0:03:09]} 14. Kh1 {[%clk 0:02:09]} h4 {[%clk 0:03:10]}
15. f5 {[%clk 0:01:53]} e5 {[%clk 0:02:59]} 16. Bf2 {[%clk 0:01:34]} Nh5
{[%clk 0:02:55]} 17. Qg4 {[%clk 0:01:26]} Ndf6 {[%clk 0:02:43]} 18. Qd1
{[%clk 0:01:11]} Nf4 {[%clk 0:02:35]} 19. Be3 {[%clk 0:00:59]} N6h5
{[%clk 0:02:36]} 20. Bxf4 {[%clk 0:00:59]} Nxf4 {[%clk 0:02:34]} 21. Qg4
{[%clk 0:00:54]} Nh5 {[%clk 0:02:33]} 22. Rfd1 {[%clk 0:00:40]} Bf6
{[%clk 0:02:21]} 23. Kh2 {[%clk 0:00:38]} Nf4 {[%clk 0:02:09]} 24. Qf3
{[%clk 0:00:38]} Rh5 {[%clk 0:02:02]} 25. Ne2 {[%clk 0:00:30]} Rg5
{[%clk 0:02:02]} 26. Nxf4 {[%clk 0:00:26]} exf4 {[%clk 0:02:03]} 27. c3
{[%clk 0:00:18]} Rxf5 {[%clk 0:01:51]} 28. Nd4 {[%clk 0:00:12]} Rg5
{[%clk 0:01:47]} 29. Ne2 {[%clk 0:00:12]} Be5 {[%clk 0:01:42]} 30. Bc2
{[%clk 0:00:12]} Qc4 {[%clk 0:01:29]} 31. b3 Qxe2 32. Qxe2 {[%clk 0:00:00]} 0-1

[Event "c14"]
[Site "?"]
[Date "2020.08.27"]
[Round "13.9"]
[White "Malek, Jan"]
[Black "Wilk, Igor"]
[Result "1-0"]
[BlackElo "1483"]
[WhiteElo "1703"]
[LiveChessVersion "1.4.8"]

1. e4 {[%clk 0:03:01]} e5 {[%clk 0:03:03]} 2. Nf3 {[%clk 0:03:02]} Nc6
{[%clk 0:03:04]} 3. Bb5 {[%clk 0:02:58]} a6 {[%clk 0:03:05]} 4. Ba4
{[%clk 0:02:58]} Nf6 {[%clk 0:03:06]} 5. Qe2 {[%clk 0:02:58]} d6 {[%clk 0:03:02]}
6. O-O {[%clk 0:02:54]} b5 {[%clk 0:03:01]} 7. Bb3 {[%clk 0:02:53]} Be7
{[%clk 0:03:00]} 8. c3 {[%clk 0:02:49]} O-O {[%clk 0:02:57]} 9. h3
{[%clk 0:02:50]} Nb8 {[%clk 0:02:48]} 10. d4 {[%clk 0:02:48]} Nbd7
{[%clk 0:02:47]} 11. Rd1 {[%clk 0:02:47]} exd4 {[%clk 0:02:14]} 12. cxd4
{[%clk 0:02:47]} h6 {[%clk 0:01:45]} 13. e5 {[%clk 0:02:44]} Nh7 {[%clk 0:01:39]}
14. Bc2 {[%clk 0:02:33]} f5 {[%clk 0:01:13]} 15. a4 {[%clk 0:02:06]} bxa4
{[%clk 0:00:58]} 16. Bxa4 {[%clk 0:02:01]} Bb7 {[%clk 0:00:48]} 17. exd6
{[%clk 0:01:55]} Bxd6 {[%clk 0:00:25]} 18. Qe6+ {[%clk 0:01:56]} Rf7
{[%clk 0:00:26]} 19. Ne5 {[%clk 0:01:57]} Bxe5 {[%clk 0:00:19]} 20. dxe5
{[%clk 0:01:57]} Nhf8 {[%clk 0:00:16]} 21. Qb3 {[%clk 0:01:54]} Rb8
{[%clk 0:00:12]} 22. e6 {[%clk 0:01:54]} Re7 {[%clk 0:00:05]} 23. exd7+
{[%clk 0:01:54]} Kh8 {[%clk 0:00:06]} 24. Be3 {[%clk 0:01:42]} Be4
{[%clk 0:00:05]} 25. Qxb8 {[%clk 0:01:40]} Qxb8 {[%clk 0:00:06]} 26. d8=Q
{[%clk 0:01:39]} Qxd8 {[%clk 0:00:05]} 27. Rxd8 {[%clk 0:01:39]} Kg8
{[%clk 0:00:06]} 28. Bb3+ {[%clk 0:01:39]} 1-0

[Event "c14"]
[Site "?"]
[Date "2020.08.27"]
[Round "13.10"]
[White "Wnek, Filip"]
[Black "Krupinski, Mikolaj"]
[Result "1-0"]
[BlackElo "1437"]
[WhiteElo "1607"]
[LiveChessVersion "1.4.8"]

1. e4 {[%clk 0:03:03]} c5 {[%clk 0:03:04]} 2. Nf3 {[%clk 0:03:04]} Nc6
{[%clk 0:03:05]} 3. d4 {[%clk 0:03:04]} cxd4 {[%clk 0:03:06]} 4. Nxd4
{[%clk 0:03:06]} Nf6 {[%clk 0:03:07]} 5. Nc3 {[%clk 0:03:07]} d6 {[%clk 0:03:08]}
6. f3 {[%clk 0:03:06]} e5 {[%clk 0:03:08]} 7. Nb3 {[%clk 0:03:06]} Be7
{[%clk 0:03:09]} 8. Be3 {[%clk 0:02:54]} Be6 9. Qd2 {[%clk 0:02:49]} d5
{[%clk 0:03:00]} 10. exd5 {[%clk 0:02:45]} Nxd5 {[%clk 0:03:01]} 11. Nxd5
{[%clk 0:02:44]} Qxd5 {[%clk 0:03:00]} 12. Qxd5 {[%clk 0:02:39]} Bxd5
{[%clk 0:03:01]} 13. O-O-O {[%clk 0:02:39]} O-O-O {[%clk 0:03:00]} 14. Be2
{[%clk 0:02:37]} b6 {[%clk 0:02:38]} 15. Kb1 {[%clk 0:02:35]} Rd7
{[%clk 0:02:38]} 16. Bb5 {[%clk 0:02:29]} Rhd8 {[%clk 0:02:29]} 17. Rde1
{[%clk 0:01:32]} Kb7 {[%clk 0:02:00]} 18. Bf2 {[%clk 0:01:32]} f6
{[%clk 0:01:56]} 19. Nc1 {[%clk 0:01:01]} a6 {[%clk 0:01:46]} 20. Ba4
{[%clk 0:00:46]} b5 {[%clk 0:00:58]} 21. Bb3 {[%clk 0:00:47]} Bf8
{[%clk 0:00:38]} 22. Rd1 {[%clk 0:00:25]} Bxb3 {[%clk 0:00:18]} 23. Rxd7+
{[%clk 0:00:24]} Rxd7 {[%clk 0:00:19]} 24. Nxb3 {[%clk 0:00:25]} Nd4
{[%clk 0:00:18]} 25. Bxd4 {[%clk 0:00:22]} exd4 {[%clk 0:00:19]} 26. Rd1
{[%clk 0:00:23]} d3 {[%clk 0:00:19]} 27. cxd3 {[%clk 0:00:15]} Kb6
{[%clk 0:00:12]} 28. Kc2 {[%clk 0:00:11]} Bd6 {[%clk 0:00:11]} 29. h3
{[%clk 0:00:12]} Bf4 {[%clk 0:00:10]} 30. d4 {[%clk 0:00:11]} Rd8 31. Nc5
{[%clk 0:00:10]} Bh6 {[%clk 0:00:05]} 32. Ne6 {[%clk 0:00:09]} Rd7
{[%clk 0:00:06]} 33. d5 {[%clk 0:00:10]} Be3 {[%clk 0:00:06]} 34. Rd3
{[%clk 0:00:10]} Bc5 35. Kd2 Bd6 {[%clk 0:00:04]} 36. Ke3 {[%clk 0:00:10]} Be5
{[%clk 0:00:05]} 37. b3 {[%clk 0:00:11]} Bd6 {[%clk 0:00:05]} 38. Ke4
{[%clk 0:00:12]} b4 {[%clk 0:00:06]} 39. g4 {[%clk 0:00:10]} a5 {[%clk 0:00:08]}
40. Kf5 {[%clk 0:00:10]} Bc5 {[%clk 0:00:07]} 41. Nxc5 {[%clk 0:00:10]} Kxc5
{[%clk 0:00:08]} 42. Ke6 {[%clk 0:00:11]} Rd6+ {[%clk 0:00:09]} 43. Kf7
{[%clk 0:00:12]} Rd7+ {[%clk 0:00:10]} 44. Kg8 {[%clk 0:00:13]} Kd6 45. Kxh7 g5+
{[%clk 0:00:08]} 46. Kg6 {[%clk 0:00:15]} Ke5 {[%clk 0:00:09]} 47. Re3+
{[%clk 0:00:16]} Kf4 {[%clk 0:00:09]} 48. Rd3 {[%clk 0:00:16]} Ke5
{[%clk 0:00:10]} 49. d6 {[%clk 0:00:13]} Ke6 50. Re3+ Kd5 {[%clk 0:00:04]} 51.
Kxf6 {[%clk 0:00:13]} Rxd6+ {[%clk 0:00:05]} 52. Kxg5 {[%clk 0:00:14]} Kd4
{[%clk 0:00:07]} 53. Re2 {[%clk 0:00:15]} Kd3 {[%clk 0:00:07]} 54. Rf2
{[%clk 0:00:16]} Ke3 1-0

[Event "c14"]
[Site "?"]
[Date "2020.08.27"]
[Round "13.11"]
[White "Czernecki, Andrzej"]
[Black "Kazmierowski, Tymon"]
[Result "1-0"]
[BlackElo "1408"]
[WhiteElo "1587"]
[LiveChessVersion "1.4.8"]

1. d4 Nf6 2. c4 e6 3. Nc3 Bb4 4. Nf3 O-O 5. Bg5 c5 6. e3 cxd4 7. exd4 Qa5 8. Bd2
Nc6 9. a3 Bxc3 10. Bxc3 Qd8 11. Bd3 d5 12. c5 Re8 13. O-O Nd7 14. Re1 f6 15. Qc2
h6 16. Bb5 Qc7 17. Qg6 Re7 18. Bd2 Nf8 19. Qg3 Qxg3 20. hxg3 a6 21. Bxc6 bxc6 22.
b4 Bd7 23. Bf4 Ng6 24. Bd6 Ree8 25. Re2 Kf7 26. Rae1 Ne7 27. Bxe7 Rxe7 28. Nd2
Rae8 29. f4 g5 30. Kf2 gxf4 31. gxf4 Rg8 32. Rh1 Rg6 33. Kf3 Kg7 34. f5 Rg5 35.
fxe6 Rxe6 36. Rxe6 Bxe6 37. Re1 Kf7 38. Nb3 Rf5+ 39. Kg3 Rg5+ 40. Kf2 Rf5+ 41.
Kg3 Rg5+ 42. Kf3 Rf5+ 43. Kg3 Rg5+ 44. Kh2 Rh5+ 45. Kg3 1-0